Szczegóły MARC21

Studia i materiały z historii Pomorza Zachodniego /

003 -Nazwa inst., której nr kontr. jest w polu 001 [,]
    • @
    • Nazwa instytucji, której n kontrolny jest w polu 001
    • NUKAT
005 -DATA I CZAS OSTATNIEJ MODYFIKACJI [,]
    • @
    • pole kontrolne
    • 20241231094404.0
020 -Międzynarod. znormalizowany nr książki - ISBN [ , ]
    • a
    • Numer ISBN
    • 9788379726042 Find
    • q
    • Dopowiedzenie
    • online
020 -Międzynarod. znormalizowany nr książki - ISBN [ , ]
    • a
    • Numer ISBN
    • 9788379726035 Find
    • q
    • Dopowiedzenie
    • print
040 -Instytucja sporządzająca opis [ , ]
    • a
    • Instytucja, która sporządziła opis (NP)
    • SZCZ U/MC
    • b
    • Język katalogowania
    • pol
    • e
    • Zasady katalogowania
    • rda
    • c
    • Instytucja, która sporządziła rekord (NP)
    • SZCZ U/MCs
    • d
    • Instytucja, która zmodyfikowała rekord (P)
    • POZN U/EMs
    • d
    • Instytucja, która zmodyfikowała rekord (P)
    • WR U/nks
942 -Rodzaj dokumentu [ , ]
    • c
    • Rodzaj dokumentu
    • Książka
100 -Hasło główne - nazwa osobowa [1, ]
    • a
    • Nazwa osobowa (NP)
    • Białecki, Tadeusz
    • d
    • Daty biograficzne (NP)
    • (1933- ).
    • e
    • Rodzaj współpracy
    • Autor
    • 9
    • KHW
    • 7603
245 -Strefa tytułu i oznaczenia odpowiedzialności [1,0]
    • a
    • Tytuł
    • Studia i materiały z historii Pomorza Zachodniego / Find
    • c
    • Pozostałe elementy strefy tytułu i oznaczenia odpowiedzialności (NP)
    • Tadeusz Białecki.
250 -Strefa wydania [ , ]
    • a
    • Oznaczenie wydania (NP)
    • Wydanie I.
260 -Strefa adresu wydawniczego [ , ]
    • a
    • Miejsce wydania (P)
    • Szczecin :
    • b
    • Nazwa wydawcy (P)
    • Wydawnictwo Naukowe Uniwersytetu Szczecińskiego,
    • c
    • Data wydania (P)
    • 2023.
300 -Strefa opisu fizycznego [ , ]
    • a
    • Określenie formy książki i/lub objętość (NP)
    • 530 stron :
    • b
    • Oznaczenie ilustracji (NP)
    • ilustracje ;
    • c
    • Format (NP)
    • 25 cm.
336 -Typ zawartości [ , ]
    • a
    • Termin opisujący typ zawartości
    • Tekst
    • b
    • Kod określający zawartość
    • txt
    • 2
    • Źródło (terminu i kodu)
    • rdacontent
337 -Typ mediów [ , ]
    • a
    • Tryb odtwarzania
    • Bez urządzenia pośredniczącego
    • b
    • Kod typu mediów
    • n
    • 2
    • Źródło (terminu i kodu)
    • rdamedia
338 -Typ/rodzaj nośnika [ , ]
    • a
    • Hasło opisujące typ nośnika
    • Wolumin
    • b
    • Kod typu nośnika
    • nc
    • 2
    • Źródło (terminu i kodu)
    • rdacarrier
380 -Deskryptor - Forma dzieła (P) [ , ]
    • a
    • forma dzieła (NP)
    • Książki
380 -Deskryptor - Forma dzieła (P) [ , ]
    • a
    • forma dzieła (NP)
    • Publikacje popularnonaukowe
388 -Deskryptor - czas powstania dzieła (P) [1, ]
    • a
    • Czas powstania dzieła (NP)
    • 1901-2000
388 -Deskryptor - czas powstania dzieła (P) [1, ]
    • a
    • Czas powstania dzieła (NP)
    • 1945-1989
388 -Deskryptor - czas powstania dzieła (P) [1, ]
    • a
    • Czas powstania dzieła (NP)
    • 1989-2000
388 -Deskryptor - czas powstania dzieła (P) [1, ]
    • a
    • Czas powstania dzieła (NP)
    • 2001-
388 -Deskryptor - czas powstania dzieła (P) [2, ]
    • a
    • Czas powstania dzieła (NP)
    • 2001-
490 -Strefa serii i książki wielotomowej - forma nie do wyszukiwania [1, ]
    • a
    • Tytuł (P)
    • Historiografia Pomorska, Find
    • x
    • ISSN (NP)
    • 2451-3636 ;
    • v
    • Numeracja (P)
    • t. 5
830 -Hasło dodatkowe serii i opisu książki wielotomowej - tytuł ujednolicony/tytuł [ ,0]
    • a
    • Tytuł ujednolicony/tytuł (NP)
    • Historiografia Pomorska
    • x
    • ISSN
    • 2451-3636
    • v
    • Oznaczenie tomu (NP)
    • t. 5
    • 9
    • KHW
    • 401747
504 -Uwaga dot. bibliogr. załącznikowej [ , ]
    • a
    • Uwaga dot. bibliografii załącznikowej
    • Bibliografia prac Tadeusza Białeckiego za lata 1957-2022 na stronach 25-50.
600 -Hasło przedmiotowe w formie nazwy osobowej [1,7]
    • a
    • Nazwa osobowa
    • Białecki, Tadeusz
    • d
    • Daty związane z nazwą
    • (1933- ).
    • 2
    • Źródło terminu
    • kaba
    • 9
    • KHW
    • 7603
600 -Hasło przedmiotowe w formie nazwy osobowej [1,7]
    • a
    • Nazwa osobowa
    • Białecki, Tadeusz
    • d
    • Daty związane z nazwą
    • (1933- )
    • v
    • Określnik formalny
    • bibliografia.
    • 2
    • Źródło terminu
    • kaba
    • 9
    • KHW
    • 537039
651 -Hasło przedmiotowe w formie nazwy geograficznej [ ,7]
    • a
    • Nazwa geograficzna
    • Pomorze Zachodnie (Polska ; region)
    • x
    • Określnik rzeczowy
    • historia regionalna.
    • 2
    • Źródło terminu
    • kaba
    • 9
    • KHW
    • 511222
651 -Hasło przedmiotowe w formie nazwy geograficznej [ ,7]
    • a
    • Nazwa geograficzna
    • Pomorze Zachodnie
    • 2
    • Źródło terminu
    • DBN
    • 9
    • KHW
    • 721757
655 -Hasło w funkcji tematu formalnego [ ,7]
    • a
    • Hasło
    • Antologia
    • 2
    • Źródło terminu
    • DBN
    • 9
    • KHW
    • 721472
655 -Hasło w funkcji tematu formalnego [ ,7]
    • a
    • Hasło
    • Artykuł problemowy
    • 2
    • Źródło terminu
    • DBN
    • 9
    • KHW
    • 720944
655 -Hasło w funkcji tematu formalnego [ ,7]
    • a
    • Hasło
    • Biogram
    • 2
    • Źródło terminu
    • DBN
    • 9
    • KHW
    • 744807
655 -Hasło w funkcji tematu formalnego [ ,7]
    • a
    • Hasło
    • Wstęp
    • 2
    • Źródło terminu
    • DBN
655 -Hasło w funkcji tematu formalnego [ ,7]
    • a
    • Hasło
    • Wywiad dziennikarski
    • 2
    • Źródło terminu
    • DBN
    • 9
    • KHW
    • 721534
658 -Ujęcie treści [ , ]
    • a
    • dziedzina nauki i sztuki/ sfera aktywności życiowej
    • Historia
710 -Hasło dodatkowe - nazwa ciała zbiorowego [2, ]
    • a
    • Nazwa ciała zbiorowego lub nazwa geograficzna jako pierwszy element (NP)
    • Uniwersytet Szczeciński.
    • b
    • Nazwa jednostki podrzędnej (P)
    • Wydawnictwo Naukowe.
    • e
    • Rodzaj współpracy
    • Wydawca
    • 4
    • Kod relacji
    • pbl
    • 9
    • KHW
    • 51208
920 -ISBN [ , ]
    • a
    • ISBN
    • 978-83-7972-604-2 Find
    • q
    • Dopowiedzenie
    • online
920 -ISBN [ , ]
    • a
    • ISBN
    • 978-83-7972-603-5 Find
    • q
    • Dopowiedzenie
    • print
Numer inwentarzowy Lokalizacja Status udost. Data inwentaryzacji
Z.126358BG12023-10-06
H.37171BNS12023-09-26
HM.2053BNS-32023-10-06